Coca-Cola aneb příběh jednoho nápoje

Liek proti tráviacim ťažkostiam - základ vzniku Coca-Coly. Coca-Cola považovaná mnohými za jednu z najbezpečnejších potravín, ktorá však nezodpovedá zásadám zdravého životného štýlu. Reklamy a slogany na Coca-Colu. Coca-Cola spojená s Vianocami. Vysoký obsah cukru v Coca-Cole a obezita detí. Záväzok...

Descripción completa

Guardado en:
Detalles Bibliográficos
Autor principal: Klinková, Zuzana
Formato: Capítulo de libro
Lenguaje:checo
Materias:
Etiquetas: Agregar Etiqueta
Sin Etiquetas, Sea el primero en etiquetar este registro!

MARC

LEADER 00000naa$a2200000$$$4500
001 0088219
005 20231018131204.8
041 0 |a cze 
044 |a CZ 
245 1 0 |a Coca-Cola  |b aneb příběh jednoho nápoje  |c Zuzana Klinková 
520 |a Liek proti tráviacim ťažkostiam - základ vzniku Coca-Coly. Coca-Cola považovaná mnohými za jednu z najbezpečnejších potravín, ktorá však nezodpovedá zásadám zdravého životného štýlu. Reklamy a slogany na Coca-Colu. Coca-Cola spojená s Vianocami. Vysoký obsah cukru v Coca-Cole a obezita detí. Záväzok spoločnosti neumiestňovať reklamu na Coca-Colu do programov určených pre deti do 12 rokov. 
610 2 0 |a reklama 
610 2 0 |a propagácia 
610 2 0 |a marketing 
610 2 0 |a značky výrobkov 
610 2 0 |a deti 
610 2 0 |a regulácia 
610 2 0 |a nápoje nealkoholické 
100 1 |a Klinková, Zuzana